[Event "48th TCh-GRE Group 2 2021"]
[Site "Thessaloniki GRE"]
[Date "2021.10.06"]
[Round "2.3"]
[White "Themelis, G."]
[Black "Antonoglou, Christos"]
[Result "1-0"]
[WhiteElo "1937"]
[BlackElo "1877"]
[PlyCount "105"]
[EventDate "2021.10.05"]
[EventType "team"]
[SourceTitle "The Week in Chess 1405"]
[Source "Mark Crowther"]
[SourceDate "2021.10.11"]
[SourceVersion "1"]
[SourceVersionDate "2021.10.11"]
[SourceQuality "2"]
[WhiteTeam "ES KALAMARIAS"]
[BlackTeam "MGS 'ETHNIKOS' ALEX/LIS"]

1. e4 e5 2. Nf3 d5 3. Nxe5 Bd6 4. d4 dxe4 5. Bf4 Nf6 6. Nc3 O-O 7. Qd2 Bxe5 8.
Bxe5 Nc6 9. O-O-O Bf5 10. Qf4 Bg6 11. Bxf6 Qxf6 12. Qxf6 gxf6 13. Bb5 Ne7 14.
Rhe1 c6 15. Bf1 f5 16. Rd2 Rfd8 17. Ne2 Rd7 18. c4 Rad8 19. h4 a6 20. Nf4 h5
21. Red1 Kg7 22. Be2 Kh6 23. a4 Rc7 24. Kb1 Rcd7 25. Kc2 Rc7 26. b4 b5 27. Kb3
bxa4+ 28. Kxa4 Rb7 29. d5 Rdb8 30. Rb2 c5 31. b5 Ra8 32. b6 Nc8 33. Ka5 Nd6 34.
Rc1 Rab8 35. Rcb1 Re8 36. Rb3 Reb8 37. Rc3 Re8 38. Bd1 Reb8 39. Ba4 Re7 40. Bc6
Kg7 41. Kxa6 Nb7 42. Ka7 Rd8 43. Bxb7 Rdd7 44. Ka6 Rxb7 45. Rb5 Kf6 46. Rxc5
Ke5 47. Nxg6+ fxg6 48. Rc6 f4 49. Re6+ Kf5 50. Rxe7 Rxe7 51. Rc1 e3 52. fxe3
fxe3 53. b7 1-0

[Event "Rated Blitz game"]
[Site "?"]
[Date "2021.10.06"]
[Round "?"]
[White "fluffy_cactus"]
[Black "Kiridima123"]
[Result "1-0"]
[WhiteElo "2424"]
[BlackElo "2427"]
[PlyCount "60"]
[EventDate "2021.??.??"]
[EventType "blitz"]

1. e4 e5 2. Nf3 d5 3. Nxe5 Bd6 4. d4 Nf6 5. exd5 O-O 6. Be2 Re8 7. O-O c6 8.
dxc6 Nxc6 9. f4 Qb6 10. Nxc6 bxc6 11. Nc3 c5 12. dxc5 Bxc5+ 13. Kh1 Rxe2 14.
Qxe2 Ba6 15. Qf3 Re8 16. Rd1 Bb7 17. Qh3 Bc8 18. Qd3 Ng4 19. Rf1 Qh6 20. h3 Bb7
21. Bd2 Nf2+ 22. Rxf2 Bxf2 23. f5 Qh4 24. Rf1 Bg3 25. Kg1 Bb8 26. Qb5 Qe7 27.
Re1 Bh2+ 28. Kxh2 Qc7+ 29. Kg1 g6 30. Rxe8+ Kg7 {Normal} 1-0

[Event "Rated Blitz game"]
[Site "?"]
[Date "2021.10.06"]
[Round "?"]
[White "IndioBrasileiro"]
[Black "alaeldin12"]
[Result "1-0"]
[WhiteElo "2425"]
[BlackElo "2333"]
[PlyCount "39"]
[EventDate "2021.??.??"]
[EventType "blitz"]

1. e4 e5 2. Nf3 d5 3. Nxe5 Bd6 4. d4 dxe4 5. Nc3 Nf6 6. Bg5 O-O 7. Bc4 Bb4 8.
O-O Bxc3 9. bxc3 Nbd7 10. Qe2 Nb6 11. Bb3 Bf5 12. a4 a5 13. g4 Be6 14. f3 h6
15. Bh4 g5 16. Bg3 exf3 17. Qxf3 Bxb3 18. cxb3 Nfd7 19. Nxf7 Kg7 20. Rae1 {
Time forfeit} 1-0

[Event "Rated Blitz game"]
[Site "?"]
[Date "2021.10.06"]
[Round "?"]
[White "www68"]
[Black "RCompany_1"]
[Result "0-1"]
[WhiteElo "2661"]
[BlackElo "2475"]
[PlyCount "64"]
[EventDate "2021.??.??"]
[EventType "blitz"]

1. e4 e5 2. Nf3 d5 3. Nxe5 Bd6 4. d4 dxe4 5. Nc4 Be7 6. Ne3 f5 7. g3 Nf6 8. c4
O-O 9. Nc3 Nc6 10. d5 Ne5 11. Be2 c6 12. Qd4 Nd3+ 13. Bxd3 c5 14. Qe5 Bd6 15.
Qxd6 Qxd6 16. Bc2 Bd7 17. a4 a6 18. a5 Rae8 19. Ng2 Ng4 20. h3 Ne5 21. b3 Nd3+
22. Bxd3 exd3+ 23. Be3 g5 24. Rg1 Kh8 25. f4 gxf4 26. gxf4 Rg8 27. Kd2 Rg3 28.
Bf2 Rf3 29. Bh4 Qh6 30. Bg5 Rf2+ 31. Kxd3 Qxh3+ 32. Ne3 Qxe3# {Normal} 0-1

[Event "Rated Blitz game"]
[Site "?"]
[Date "2021.10.06"]
[Round "?"]
[White "Avanti1914"]
[Black "CJT21"]
[Result "1-0"]
[WhiteElo "2414"]
[BlackElo "2301"]
[PlyCount "75"]
[EventDate "2021.??.??"]
[EventType "blitz"]

1. e4 e5 2. Nf3 d5 3. exd5 Bd6 4. Nc3 f5 5. Bb5+ Nd7 6. d3 Ngf6 7. Bg5 O-O 8.
Qd2 a6 9. Ba4 b5 10. Bb3 Qe8 11. O-O-O Nc5 12. Kb1 a5 13. Bxf6 Rxf6 14. a3 b4
15. axb4 Nxb3 16. cxb3 axb4 17. Na4 Bd7 18. Qc2 Bxa4 19. bxa4 Rxa4 20. Qc6 Qxc6
21. dxc6 Rf8 22. Kc2 h6 23. Kb3 Rfa8 24. d4 e4 25. Ne5 Bxe5 26. dxe5 R4a6 27.
Rc1 Re8 28. Rhd1 Rxe5 29. Rd7 f4 30. Rxc7 e3 31. fxe3 fxe3 32. Rd7 e2 33. c7
Rc6 34. Rxc6 e1=Q 35. c8=Q+ Re8 36. Rd8 Qe3+ 37. Ka4 Qa7+ 38. Ra6 {Normal} 1-0

[Event "Rated Blitz game"]
[Site "?"]
[Date "2021.10.06"]
[Round "?"]
[White "Cranmobbed"]
[Black "PuroNorteCarnale"]
[Result "1-0"]
[WhiteElo "2417"]
[BlackElo "2334"]
[PlyCount "85"]
[EventDate "2021.??.??"]
[EventType "blitz"]

1. e4 e5 2. Nf3 d5 3. Nxe5 Bd6 4. d4 dxe4 5. Bc4 Bxe5 6. dxe5 Qxd1+ 7. Kxd1 Nc6
8. Bf4 Bg4+ 9. Kc1 O-O-O 10. Nc3 f5 11. h3 Bh5 12. Be6+ Kb8 13. Bxf5 Nd4 14.
Bxe4 Ne7 15. g4 Bg6 16. Bxg6 Nxg6 17. Bg3 Rhe8 18. f4 b5 19. Re1 b4 20. Ne4 Nf3
21. Re3 Ngh4 22. a3 h6 23. axb4 g5 24. fxg5 hxg5 25. Nxg5 Nxg5 26. Bxh4 Rf8 27.
b3 Rf1+ 28. Kb2 Rxa1 29. Kxa1 Rd1+ 30. Kb2 Ne6 31. Bf6 a5 32. bxa5 c5 33. g5 c4
34. g6 cxb3 35. cxb3 Kb7 36. h4 Ka6 37. h5 Nf4 38. g7 Nxh5 39. g8=Q Nxf6 40.
exf6 Rf1 41. Qc4+ Ka7 42. Re7+ Kb8 43. Qxf1 {Normal} 1-0

[Event "Rated Blitz game"]
[Site "?"]
[Date "2021.10.06"]
[Round "?"]
[White "Mr-Tanaka"]
[Black "DanielPerchman"]
[Result "0-1"]
[WhiteElo "2423"]
[BlackElo "2430"]
[PlyCount "78"]
[EventDate "2021.??.??"]
[EventType "blitz"]

1. e4 e5 2. Nf3 d5 3. exd5 e4 4. Qe2 Nf6 5. d3 Bb4+ 6. c3 O-O 7. dxe4 Re8 8.
cxb4 Rxe4 9. Be3 Nxd5 10. Nbd2 Rxb4 11. O-O-O Bf5 12. Nd4 Rxd4 13. Bxd4 Nb4 14.
Qc4 Qxd4 15. Nf3 Qxc4+ 16. Bxc4 N8c6 17. a3 Na5 18. axb4 Nxc4 19. Rd4 Nd6 20.
Re1 a5 21. Re7 Kf8 22. Re5 g6 23. Rxa5 Re8 24. Re5 Ra8 25. g4 Be6 26. Ng5 Ra1+
27. Kd2 Nc4+ 28. Rxc4 Bxc4 29. Rc5 b5 30. Rxc7 Rf1 31. Ke3 Re1+ 32. Kf4 h6 33.
Ne4 g5+ 34. Ke5 Bd3 35. f3 Re2 36. Rc5 Rxb2 37. Rc8+ Kg7 38. Nf6 Re2+ 39. Kd4
Kxf6 {Time forfeit} 0-1

[Event "Rated Blitz game"]
[Site "?"]
[Date "2021.10.06"]
[Round "?"]
[White "udmurtt"]
[Black "KamranShirazi"]
[Result "1/2-1/2"]
[WhiteElo "2447"]
[BlackElo "2611"]
[PlyCount "137"]
[EventDate "2021.??.??"]
[EventType "blitz"]

1. e4 e5 2. Nf3 d5 3. Nxe5 Bd6 4. d4 dxe4 5. Nc4 Nc6 6. c3 Be7 7. Bf4 f5 8.
Nbd2 Nf6 9. Qb3 b6 10. Ne5 Nxe5 11. Bxe5 c6 12. O-O-O a5 13. g4 a4 14. Qc4 b5
15. Qxc6+ Bd7 16. Qc7 Qxc7 17. Bxc7 Nxg4 18. Bg3 f4 19. Bxf4 Nxf2 20. Bg2 Nxd1
21. Rxd1 O-O 22. Bg3 Bg4 23. Re1 Bg5 24. Bxe4 Rae8 25. Kc2 h5 26. h4 Bf4 27.
Bxf4 Rxf4 28. Bd5+ Kf8 29. Rxe8+ Kxe8 30. Bc6+ Ke7 31. Bxb5 g5 32. hxg5 h4 33.
Kd3 h3 34. Bc6 Rf2 35. c4 h2 36. Bh1 Re2 37. Nf3 Rxb2 38. c5 Rb1 39. Nxh2 Bf5+
40. Be4 Bxe4+ 41. Kxe4 Re1+ 42. Kd5 Re3 43. Ng4 Rg3 44. Ne5 Rxg5 45. c6 Rg2 46.
c7 Rc2 47. Nc6+ Kd7 48. Nb4 Rxc7 49. Nd3 Rc2 50. Nc5+ Kc8 51. Nxa4 Rxa2 52. Nc5
Kc7 53. Kc4 Rh2 54. Ne4 Kc6 55. Nc5 Rc2+ 56. Kd3 Rc1 57. Ne4 Kb5 58. Ke3 Kc4
59. Nd6+ Kd5 60. Ne4 Re1+ 61. Kf3 Rxe4 62. Kf2 Rxd4 63. Kf3 Re4 64. Kf2 Kd4 65.
Kf3 Kd3 66. Kf2 Rf4+ 67. Kg2 Ke3 68. Kg3 Re4 69. Kg2 {Time forfeit} 1/2-1/2

[Event "Rated Blitz game"]
[Site "?"]
[Date "2021.10.06"]
[Round "?"]
[White "Zhaochenxi"]
[Black "KamranShirazi"]
[Result "1-0"]
[WhiteElo "2713"]
[BlackElo "2603"]
[PlyCount "89"]
[EventDate "2021.??.??"]
[EventType "blitz"]

1. e4 e5 2. Nf3 d5 3. exd5 e4 4. Qe2 Nf6 5. Nc3 Be7 6. Nxe4 Nxd5 7. d3 O-O 8.
Qd1 Re8 9. Be2 f5 10. Nc3 Bb4 11. Bd2 Bxc3 12. bxc3 Qf6 13. d4 Qe7 14. Kf1 Nc6
15. Rb1 h6 16. Bc4 Be6 17. Bb3 Na5 18. c4 Nxb3 19. axb3 Nf6 20. g3 a5 21. Kg2
a4 22. Re1 Qf8 23. d5 Bf7 24. Bf4 axb3 25. cxb3 c6 26. Rxe8 Qxe8 27. d6 b5 28.
Qd4 bxc4 29. bxc4 Ra4 30. Ne5 Bd5+ 31. f3 Be6 32. Rb2 Kh7 33. Rd2 Nd7 34. Nxd7
Qxd7 35. Rc2 Qf7 36. Qd2 c5 37. Be3 Qd7 38. Bxc5 Rxc4 39. Rxc4 Bxc4 40. Qd4 Bb5
41. Bb4 Bc6 42. Bc3 Qb7 43. Kf2 Kg6 44. h4 Kh7 45. h5 {Time forfeit} 1-0

[Event "Rated Blitz game"]
[Site "?"]
[Date "2021.10.06"]
[Round "?"]
[White "Advokaat777"]
[Black "RCompany_1"]
[Result "1-0"]
[WhiteElo "2562"]
[BlackElo "2494"]
[PlyCount "107"]
[EventDate "2021.??.??"]
[EventType "blitz"]

1. e4 e5 2. Nf3 d5 3. Nxe5 Bd6 4. d4 dxe4 5. Nc4 Be7 6. Nc3 Nf6 7. Be2 Nc6 8.
Be3 Nb4 9. O-O O-O 10. a3 Nbd5 11. Nxd5 Nxd5 12. Qd2 f5 13. f4 exf3 14. Bxf3
Nxe3 15. Qxe3 Bf6 16. Ne5 Kh8 17. Rad1 c6 18. c3 Qb6 19. Qf2 Be6 20. Rfe1 Rae8
21. Nd3 Bb3 22. Rxe8 Rxe8 23. Re1 Rxe1+ 24. Qxe1 h6 25. Nc5 Bf7 26. Qe2 Qc7 27.
g3 b6 28. Ne6 Qd6 29. Nf4 c5 30. d5 g5 31. Ne6 Qe5 32. Kf2 Qxe2+ 33. Kxe2 Kg8
34. Kd3 Be5 35. Kc4 h5 36. Nxg5 h4 37. Nxf7 Kxf7 38. gxh4 Bxh2 39. Kb5 Ke7 40.
Ka6 Kd6 41. Kxa7 Kc7 42. h5 Bf4 43. Ka6 Bh6 44. Kb5 Bf8 45. b4 cxb4 46. cxb4
Bh6 47. a4 Bf8 48. a5 bxa5 49. bxa5 Kb7 50. a6+ Ka7 51. Kc6 Kxa6 52. d6 Ka5 53.
d7 Kb4 54. d8=Q {Normal} 1-0

[Event "Rated Blitz game"]
[Site "?"]
[Date "2021.10.06"]
[Round "?"]
[White "Itibster"]
[Black "Almalik25"]
[Result "0-1"]
[WhiteElo "2419"]
[BlackElo "2345"]
[PlyCount "50"]
[EventDate "2021.??.??"]
[EventType "blitz"]

1. e4 e5 2. Nf3 d5 3. d4 Nf6 4. exd5 e4 5. Ne5 Bd6 6. Bc4 O-O 7. O-O Re8 8. Bf4
Nbd7 9. Nxd7 Bxf4 10. Nxf6+ Qxf6 11. c3 Qh6 12. g3 Bd6 13. Nd2 e3 14. fxe3 Bh3
15. Re1 Rxe3 16. Ne4 Re8 17. Bd3 f5 18. Rxe3 Qxe3+ 19. Nf2 Bxg3 20. Qc2 Bxf2+
21. Qxf2 Qxd3 22. Re1 Re4 23. Rxe4 fxe4 24. Qf4 e3 25. Qf3 Qb1+ {Normal} 0-1

[Event "Rated Blitz game"]
[Site "?"]
[Date "2021.10.06"]
[Round "?"]
[White "PimponNicois"]
[Black "Porgy"]
[Result "0-1"]
[WhiteElo "2442"]
[BlackElo "2426"]
[PlyCount "46"]
[EventDate "2021.??.??"]
[EventType "blitz"]

1. e4 e5 2. Nf3 d5 3. exd5 Bd6 4. Bb5+ c6 5. dxc6 Nxc6 6. d4 exd4 7. Nxd4 Nge7
8. Nxc6 bxc6 9. Be2 Qc7 10. h3 O-O 11. O-O Bf5 12. Bd3 Rad8 13. Qf3 Bxd3 14.
cxd3 Ng6 15. d4 Bh2+ 16. Kh1 Bf4 17. Be3 Rfe8 18. Nd2 Rd5 19. Rac1 Rf5 20. Rxc6
Qd7 21. Rxg6 Bxe3 22. Qc6 Qxc6 23. Rxc6 Bxd2 {Normal} 0-1

[Event "Rated Blitz game"]
[Site "?"]
[Date "2021.10.06"]
[Round "?"]
[White "Marc_Paraguya"]
[Black "Annali-annaliew1979"]
[Result "1-0"]
[WhiteElo "2441"]
[BlackElo "2398"]
[PlyCount "117"]
[EventDate "2021.??.??"]
[EventType "blitz"]

1. e4 e5 2. Nf3 d5 3. Nxe5 Qe7 4. d4 f6 5. Nf3 dxe4 6. Ng1 f5 7. Bf4 Nf6 8. Bc4
Nc6 9. Ne2 Be6 10. Bb3 O-O-O 11. c3 Nd5 12. Bxd5 Bxd5 13. O-O g5 14. Bc1 f4 15.
Nxf4 gxf4 16. Bxf4 h5 17. Nd2 h4 18. h3 Bh6 19. Bxh6 Rxh6 20. Re1 Rg8 21. Nf1
Rhg6 22. Ne3 Be6 23. Kh1 Qd7 24. Kh2 Qd6+ 25. Kh1 Qf4 26. Qe2 Ne7 27. c4 Nf5
28. Nxf5 Bxf5 29. Rg1 Qd6 30. Rad1 Qd7 31. Qe3 Kb8 32. d5 a6 33. c5 Rg3 34.
fxg3 Rxg3 35. Qf4 Bxh3 36. Qxh4 Re3 37. Kh2 Bf5 38. Rgf1 Re2 39. Rf2 Rxf2 40.
Qxf2 Qh7+ 41. Kg1 Qh5 42. Rf1 Bg4 43. c6 b6 44. Qf8+ Ka7 45. Qf7 Qxf7 46. Rxf7
e3 47. Rxc7+ Kb8 48. Re7 e2 49. Kf2 a5 50. d6 b5 51. Re8+ Ka7 52. c7 Kb7 53.
Rb8+ Ka7 54. c8=Q Bxc8 55. Rxc8 Kb7 56. Rc7+ Kb6 57. Rc1 b4 58. d7 a4 59. d8=Q+
{Time forfeit} 1-0

[Event "Rated Blitz game"]
[Site "?"]
[Date "2021.10.06"]
[Round "?"]
[White "Vinogradov01"]
[Black "sierra92"]
[Result "1/2-1/2"]
[WhiteElo "2387"]
[BlackElo "2464"]
[PlyCount "131"]
[EventDate "2021.??.??"]
[EventType "blitz"]

1. e4 e5 2. Nf3 d5 3. exd5 e4 4. Qe2 Nf6 5. Nc3 Nxd5 6. Qxe4+ Be6 7. Nxd5 Qxd5
8. Qxd5 Bxd5 9. Be2 Nc6 10. O-O O-O-O 11. d3 Nb4 12. Bd1 Bxf3 13. gxf3 Bd6 14.
Bd2 Nd5 15. a4 Rhe8 16. a5 Re6 17. Kg2 Rg6+ 18. Kh1 Re8 19. c3 Nf4 20. b4 Nh3
21. c4 Be5 22. Rb1 Bd4 23. Ba4 Re2 24. Rbe1 Rge6 25. Rxe2 Rxe2 26. Re1 Nxf2+
27. Kg2 Rxe1 28. Bxe1 Nxd3 29. Bd2 c5 30. bxc5 Nxc5 31. Bc2 g6 32. f4 f5 33.
Kf3 Kc7 34. Bb4 Kd6 35. h4 Kc6 36. h5 Ne6 37. Ba4+ Kc7 38. hxg6 hxg6 39. Be8 g5
40. fxg5 Nxg5+ 41. Kf4 Ne6+ 42. Kxf5 Nc5 43. Bb5 b6 44. a6 Bg1 45. Bd2 Nd7 46.
Bf4+ Kc8 47. Ke6 Nc5+ 48. Kd6 Bd4 49. Kc6 Bf6 50. Bd6 Bd8 51. Bxc5 bxc5 52.
Kxc5 Bb6+ 53. Kc6 Ba5 54. c5 Bc7 55. Bc4 Ba5 56. Be6+ Kb8 57. Kd7 Bc7 58. Bd5
Bg3 59. Bb7 Bc7 60. c6 Bg3 61. Kd8 Bc7+ 62. Kd7 Bb6 63. Ke6 Bc7 64. Kd5 Bb6 65.
Ke6 Bc7 66. Kd7 {Normal} 1/2-1/2

[Event "Rated Blitz game"]
[Site "?"]
[Date "2021.10.06"]
[Round "?"]
[White "brunosten"]
[Black "Annali-annaliew1979"]
[Result "1-0"]
[WhiteElo "2472"]
[BlackElo "2416"]
[PlyCount "79"]
[EventDate "2021.??.??"]
[EventType "blitz"]

1. e4 e5 2. Nf3 d5 3. exd5 e4 4. Qe2 f5 5. d3 Nf6 6. Nc3 Bb4 7. dxe4 Bxc3+ 8.
bxc3 fxe4 9. c4 O-O 10. Nd2 c6 11. g3 Bg4 12. Qe3 cxd5 13. cxd5 Nbd7 14. c4 b6
15. Bg2 Nc5 16. O-O Re8 17. Ba3 Rc8 18. Bxc5 Rxc5 19. Nxe4 Nxe4 20. Bxe4 Rxc4
21. Bxh7+ Kxh7 22. Qd3+ Rce4 23. f3 Bxf3 24. Rxf3 Kh8 25. Raf1 Qd6 26. Rf8+
Rxf8 27. Rxf8+ Qxf8 28. Qxe4 Qc5+ 29. Kg2 Qc1 30. h4 Qd2+ 31. Kh3 Qxa2 32. d6
Qd2 33. Qe6 Qd1 34. d7 Qh1+ 35. Kg4 Qd1+ 36. Kg5 Qd2+ 37. Kg6 Qd3+ 38. Kf7 Qf3+
39. Ke7 Qb7 40. Ke8 {Normal} 1-0

[Event "Rated Blitz game"]
[Site "?"]
[Date "2021.10.06"]
[Round "?"]
[White "Tatyana_Moskow"]
[Black "GoughPhar"]
[Result "1-0"]
[WhiteElo "2472"]
[BlackElo "2470"]
[PlyCount "153"]
[EventDate "2021.??.??"]
[EventType "blitz"]

1. e4 e5 2. Nf3 d5 3. Nc3 Nf6 4. d3 dxe4 5. dxe4 Qxd1+ 6. Nxd1 Nc6 7. Bd3 Bg4
8. O-O Bxf3 9. gxf3 O-O-O 10. Be3 Nb4 11. Bc4 Nxc2 12. Rc1 Nxe3 13. Nxe3 Rd7
14. Rfd1 Bd6 15. Nf5 Kb8 16. Kf1 g6 17. Nh6 Rf8 18. Rd3 Ng8 19. Ng4 f6 20. Bxg8
h5 21. Nh6 Rfd8 22. Be6 Re7 23. Bb3 Rf8 24. Ke2 Rh7 25. Ng8 Rg7 26. Rg1 Rfxg8
27. Bxg8 Rxg8 28. h3 g5 29. Rgd1 Kc8 30. b3 Kd7 31. a4 a5 32. Rd5 b6 33. R5d3
Ke6 34. Rc1 g4 35. hxg4 hxg4 36. Rg1 gxf3+ 37. Kf1 Rxg1+ 38. Kxg1 c6 39. Rxf3
b5 40. Kf1 bxa4 41. bxa4 c5 42. Rb3 c4 43. Rb5 Bb4 44. Rb6+ Kf7 45. Rc6 c3 46.
Ke2 Kg6 47. Kd3 Kg5 48. Ke3 f5 49. exf5 Kxf5 50. f3 Be7 51. Rxc3 Bb4 52. Rc4
Ba3 53. Ke2 Bb2 54. Kd3 Bd4 55. Rxd4 exd4 56. Kxd4 Kf4 57. Kc5 Kxf3 58. Kb5 Ke4
59. Kxa5 Kd5 60. Kb6 Kd6 61. Kb7 Kd7 62. a5 Kd6 63. a6 Kd5 64. a7 Kc4 65. a8=Q
Kd5 66. Qd8+ Kc4 67. Qd7 Kc5 68. Qc7+ Kb4 69. Qc6 Kb3 70. Kb6 Kb4 71. Qc5+ Kb3
72. Kb5 Kb2 73. Qc4 Ka1 74. Kb4 Kb1 75. Qe2 Ka1 76. Kb3 Kb1 77. Qb2# {Normal}
1-0

[Event "Rated Blitz game"]
[Site "?"]
[Date "2021.10.06"]
[Round "?"]
[White "Mr_Hotdog"]
[Black "jeruchess"]
[Result "0-1"]
[WhiteElo "2390"]
[BlackElo "2423"]
[PlyCount "94"]
[EventDate "2021.??.??"]
[EventType "blitz"]

1. e4 e5 2. Nf3 d5 3. Nc3 dxe4 4. Nxe4 f5 5. Nc3 e4 6. Ne5 Nf6 7. Bc4 Qd4 8.
Nf7 Qxc4 9. Nxh8 Qg8 10. d3 Qxh8 11. dxe4 fxe4 12. Bg5 Bf5 13. Bxf6 gxf6 14.
Nd5 Na6 15. O-O O-O-O 16. c4 c6 17. Qh5 Bg6 18. Qh3+ f5 19. Nf4 Bd6 20. Ne6 Re8
21. Ng5 h6 22. c5 Nxc5 23. Rad1 Bc7 24. b4 Nd3 25. Nxe4 Rxe4 26. Qxd3 Kb8 27.
b5 cxb5 28. Qxb5 Qe8 29. Qb2 Bb6 30. Rd5 f4 31. Qf6 Re1 32. Qd6+ Ka8 33. Rd1
Rxf1+ 34. Kxf1 Bh5 35. Rd2 Qb5+ 36. Qd3 Qxd3+ 37. Rxd3 a6 38. Rd5 Be8 39. Rd6
Bb5+ 40. Ke1 Bc5 41. Rxh6 Bc4 42. h4 Bxa2 43. Rh8+ Ka7 44. h5 Bb1 45. h6 Bd4
46. Kf1 Bxh8 47. Kg1 Bf6 {Time forfeit} 0-1

[Event "Rated Blitz game"]
[Site "?"]
[Date "2021.10.06"]
[Round "?"]
[White "sanju1996d"]
[Black "RCompany_1"]
[Result "1-0"]
[WhiteElo "2459"]
[BlackElo "2416"]
[PlyCount "81"]
[EventDate "2021.??.??"]
[EventType "blitz"]

1. e4 e5 2. Nf3 d5 3. d4 dxe4 4. Nxe5 Bd6 5. Bf4 Nf6 6. Nc3 O-O 7. Bc4 Be6 8.
Bb3 Nbd7 9. O-O Qe7 10. Re1 c6 11. Qe2 Bxb3 12. axb3 Nxe5 13. dxe5 Bxe5 14.
Bxe5 Qxe5 15. Nxe4 Qxb2 16. Nc5 Rfe8 17. Rxa7 Qxc2 18. Rxa8 Qxe2 19. Rxe8+ Qxe8
20. Rxe8+ Nxe8 21. Nxb7 Kf8 22. Nd8 c5 23. Nb7 c4 24. bxc4 Ke7 25. f3 Kd7 26.
Kf2 Kc6 27. Nd8+ Kc5 28. Nxf7 Kxc4 29. Ke3 Nf6 30. Kf4 Kd4 31. Kf5 Ke3 32. Ng5
Kf2 33. g4 h6 34. Ne4+ Kxf3 35. Nxf6 gxf6 36. h4 Kg3 37. h5 Kh4 38. Kxf6 Kxg4
39. Kg6 Kf4 40. Kxh6 Kf5 41. Kg7 {Normal} 1-0

[Event "Rated Blitz tournament AGTgVD9c"]
[Site "?"]
[Date "2021.10.06"]
[Round "?"]
[White "AD_CSS"]
[Black "Bis_Kecil_BKD"]
[Result "0-1"]
[WhiteElo "2360"]
[BlackElo "2519"]
[PlyCount "110"]
[EventDate "2021.??.??"]
[EventType "blitz"]

1. e4 e5 2. Nf3 d5 3. Nxe5 dxe4 4. d4 Nd7 5. Nxd7 Bxd7 6. Bc4 Nf6 7. O-O Bd6 8.
h3 h6 9. Nc3 O-O 10. Re1 Re8 11. Nd5 c6 12. Nf4 Qc7 13. Nh5 Nxh5 14. Qxh5 Be6
15. Be2 b5 16. a4 b4 17. c4 Qd7 18. Be3 Bf5 19. b3 Bg6 20. Qg4 Re6 21. Rad1 f5
22. Qh4 Rf8 23. Bf4 Kh7 24. Qg3 Bxf4 25. Qxf4 Rd6 26. Qd2 f4 27. Qxb4 f3 28.
Bf1 fxg2 29. Bxg2 Bf5 30. Re3 Rff6 31. Qc3 Rg6 32. Rg3 Rxg3 33. fxg3 Bxh3 34.
Bxe4+ Bf5 35. Qd3 Bxe4 36. Qxe4+ Kg8 37. d5 Qf7 38. Rf1 Qd7 39. Rf5 Rg6 40. Kg2
Qd6 41. Rf3 cxd5 42. Qxd5+ Qxd5 43. cxd5 Rd6 44. Rd3 Kf7 45. b4 Kf6 46. b5 Ke5
47. a5 Ke4 48. Rd2 g5 49. Kh3 h5 50. Rd1 Kf3 51. Rd3+ Ke2 52. Rd4 Ke3 53. Rd1
Rd8 54. d6 Ke2 55. Rd5 Ke3 {Time forfeit} 0-1

[Event "Rated Blitz game"]
[Site "?"]
[Date "2021.10.06"]
[Round "?"]
[White "Cranmobbed"]
[Black "Annali-annaliew1979"]
[Result "0-1"]
[WhiteElo "2435"]
[BlackElo "2417"]
[PlyCount "46"]
[EventDate "2021.??.??"]
[EventType "blitz"]

1. e4 e5 2. Nf3 d5 3. Nxe5 Qe7 4. d4 f6 5. Qh5+ g6 6. Nxg6 Qxe4+ 7. Be2 Qxg6 8.
Qxg6+ hxg6 9. Nc3 Be6 10. Bf4 c6 11. O-O-O Bb4 12. Rd3 Bf5 13. Rg3 Ne7 14. h4
Nd7 15. Re3 Kf7 16. g4 Be6 17. Re1 Bxc3 18. bxc3 Rhe8 19. Bd6 Nc8 20. Ba3 Ncb6
21. f4 Nc4 22. Bxc4 dxc4 23. Rg3 Nb6 {Normal} 0-1

[Event "Rated Blitz game"]
[Site "?"]
[Date "2021.10.06"]
[Round "?"]
[White "BaivabMishra"]
[Black "RCompany_1"]
[Result "0-1"]
[WhiteElo "2486"]
[BlackElo "2451"]
[PlyCount "24"]
[EventDate "2021.??.??"]
[EventType "blitz"]

1. e4 e5 2. Nf3 d5 3. exd5 e4 4. Nd4 Qxd5 5. Nb3 Qe5 6. Nc3 Bd6 7. d4 exd3+ 8.
Be3 dxc2 9. Qxc2 Bf5 10. Bd3 Bxd3 11. Qxd3 Nc6 12. O-O Qxh2# {Normal} 0-1

[Event "Rated Blitz tournament aCGJLtrN"]
[Site "?"]
[Date "2021.10.06"]
[Round "?"]
[White "The_moddest_guy"]
[Black "Niongsuzu"]
[Result "1/2-1/2"]
[WhiteElo "2405"]
[BlackElo "2261"]
[PlyCount "70"]
[EventDate "2021.??.??"]
[EventType "blitz"]

1. e4 e5 2. Nf3 d5 3. Nc3 d4 4. Nb1 Bd6 5. d3 c5 6. Be2 Ne7 7. Nbd2 Kf8 8. Nc4
f5 9. O-O b5 10. Ncxe5 Qc7 11. Bf4 fxe4 12. dxe4 Ng6 13. Nxg6+ hxg6 14. Bxd6+
Qxd6 15. e5 Qc7 16. Bxb5 Bb7 17. Qd3 Nd7 18. Bxd7 Qxd7 19. Rae1 Qe6 20. Ng5 Qg4
21. Qg3 Qxg3 22. fxg3+ Ke8 23. Rf7 Rb8 24. Rxg7 Rf8 25. Ne6 Rf7 26. Rg8+ Ke7
27. Rxb8 Kxe6 28. h4 Bd5 29. Rf1 Rb7 30. Rxb7 Bxb7 31. Rf6+ Kd5 32. Rxg6 Kxe5
33. Rg5+ Kf6 34. h5 Kxg5 35. Kf2 Kxh5 {Normal} 1/2-1/2

[Event "Rated Blitz game"]
[Site "?"]
[Date "2021.10.06"]
[Round "?"]
[White "CoolerMove"]
[Black "RCompany_1"]
[Result "0-1"]
[WhiteElo "2530"]
[BlackElo "2489"]
[PlyCount "38"]
[EventDate "2021.??.??"]
[EventType "blitz"]

1. e4 e5 2. Nf3 d5 3. exd5 e4 4. Qe2 Nf6 5. d3 Qxd5 6. Nfd2 Nc6 7. Nc3 Qa5 8.
Ndxe4 Be6 9. Bd2 O-O-O 10. O-O-O Bxa2 11. Nxa2 Qxa2 12. Nc3 Qa1+ 13. Nb1 a5 14.
Bc3 Bb4 15. Qd2 Rhe8 16. g3 Nd5 17. Bh3+ Kb8 18. Rde1 Nxc3 19. bxc3 Ba3+ {
Normal} 0-1

[Event "Rated Blitz game"]
[Site "?"]
[Date "2021.10.06"]
[Round "?"]
[White "Fet27"]
[Black "Kiridima123"]
[Result "1-0"]
[WhiteElo "2478"]
[BlackElo "2425"]
[PlyCount "45"]
[EventDate "2021.??.??"]
[EventType "blitz"]

1. e4 e5 2. Nf3 d5 3. d4 Nf6 4. dxe5 Nxe4 5. Bd3 Nc6 6. O-O Bg4 7. Bf4 Bc5 8.
Nbd2 f6 9. Nxe4 dxe4 10. Bxe4 Qxd1 11. Bxc6+ bxc6 12. Raxd1 fxe5 13. Bxe5 O-O
14. Rd3 Rae8 15. Bxc7 Re2 16. Rc3 Bb4 17. Rxc6 Bxf3 18. gxf3 Rxf3 19. Bg3 h5
20. Rd1 Be7 21. Kf1 Re4 22. Re1 Rg4 23. Rxe7 {Normal} 1-0

[Event "Rated Blitz tournament lx7OtzKO"]
[Site "?"]
[Date "2021.10.06"]
[Round "?"]
[White "sfk_schach"]
[Black "Lur15"]
[Result "0-1"]
[WhiteElo "2462"]
[BlackElo "2378"]
[PlyCount "72"]
[EventDate "2021.??.??"]
[EventType "blitz"]

1. e4 e5 2. Nf3 d5 3. exd5 e4 4. Qe2 Nf6 5. Nc3 Be7 6. Nxe4 O-O 7. d3 Nxd5 8.
Bd2 Re8 9. O-O-O f5 10. Nc3 Nxc3 11. Bxc3 Bg5+ 12. Nxg5 Rxe2 13. Bxe2 Qxg5+ 14.
Kb1 Nc6 15. h4 Qd8 16. h5 Nd4 17. Rde1 c5 18. Bd1 Bd7 19. h6 g6 20. Re5 b6 21.
Rhe1 Kf7 22. b4 Rc8 23. g4 Qf6 24. gxf5 Bxf5 25. Rd5 Rd8 26. Bf3 Be6 27. Rxd8
Qxd8 28. Be4 Bd5 29. f3 Bxe4 30. fxe4 Qh4 31. Rf1+ Kg8 32. bxc5 bxc5 33. Ba5
Qh2 34. e5 Qxc2+ 35. Ka1 Qxd3 36. Re1 Nc2+ {Normal} 0-1

[Event "Rated Blitz game"]
[Site "?"]
[Date "2021.10.06"]
[Round "?"]
[White "www68"]
[Black "RCompany_1"]
[Result "1-0"]
[WhiteElo "2638"]
[BlackElo "2462"]
[PlyCount "95"]
[EventDate "2021.??.??"]
[EventType "blitz"]

1. e4 e5 2. Nf3 d5 3. Nxe5 Bd6 4. d4 dxe4 5. Nc4 Be7 6. Be2 Nf6 7. Be3 O-O 8.
h3 Nd5 9. Nc3 Bb4 10. Bd2 f5 11. Nxd5 Bxd2+ 12. Qxd2 Qxd5 13. Ne3 Qd6 14. Bc4+
Be6 15. g3 Nd7 16. O-O-O Bxc4 17. Nxc4 Qa6 18. Na3 c6 19. Kb1 Nf6 20. g4 Nd5
21. c4 Nc7 22. gxf5 Rxf5 23. Rhg1 Raf8 24. Rg2 Ne6 25. d5 cxd5 26. cxd5 Nc5 27.
Qc3 Qf6 28. Qxc5 Rxf2 29. Rxf2 Qxf2 30. Qxf2 Rxf2 31. d6 Rf8 32. Re1 Rd8 33.
Rxe4 Rxd6 34. Re7 Rd3 35. Rxb7 Rxh3 36. Rxa7 h5 37. Nc4 Rf3 38. Ra3 Rxa3 39.
bxa3 h4 40. Ne3 h3 41. Ng4 Kf7 42. a4 Ke6 43. Kb2 Kf5 44. Nf2 h2 45. a5 g5 46.
a6 g4 47. Nh1 g3 48. Nxg3+ {Normal} 1-0